00395nam a2200145 a 4500008004100000020001500041050001400056100002000070245004800090246002200138250001200160260004200172300002600214350000900240120416s2003 ||||||||||||||||| || u a0130803022 aQ 335 Rus aRussell, Stuart10aArtificial intelligence : a modern approach aa modern approach a2nd Ed. aUpper saddle river, NJbPearsonc2003 axxviii, 1080p. : ill. a0.00